Aesthetics of Human-AI Collaboration in Creative Activities : Art, Cultural Heritage, and Academic Research Practice /
The book explores the aesthetic insights into the transformative interplay between artificial intelligence and human creativity within art, cultural heritage, and academic research. It delves into how AI technologies reshape these areas, addressing both their potential to enhance creative processes...
مؤلفون آخرون:
التنسيق: كتاب الكتروني
اللغة: English
منشور في:
Paderborn :
Mentis, Brill Deutschland,
2026.
الموضوعات:
الوصول للمادة أونلاين: Login to view Source
الوسوم: إضافة وسم
رقم الطلب: PZ7.S588
| LEADER | 02822nam a22004458i 4500 | ||
|---|---|---|---|
| 001 | BRILL9783969753460 | ||
| 003 | nllekb | ||
| 005 | 20251116180222.0 | ||
| 006 | m d | ||
| 007 | cr un uuuua | ||
| 008 | 251016s2026 gw sb 001 0 eng d | ||
| 020 | |a 9783969753460 |q (electronic book) | ||
| 020 | |z 9783957433466 |q (print) | ||
| 024 | 7 | |a 10.30965/9783969753460 |2 DOI | |
| 040 | |a NL-LeKB |c NL-LeKB |e rda | ||
| 041 | |a eng | ||
| 050 | 4 | |a PZ7.S588 | |
| 072 | 7 | |a HPN |2 bicssc | |
| 072 | 7 | |a PHI |x 001000 |2 bisacsh | |
| 082 | 0 | 4 | |a 100 |2 23 |
| 245 | 0 | 0 | |a Aesthetics of Human-AI Collaboration in Creative Activities : |b Art, Cultural Heritage, and Academic Research Practice / |c edited by Michał Szostak. |
| 246 | 3 | |a Art, Cultural Heritage, and Academic Research Practice | |
| 264 | 1 | |a Paderborn : |b Mentis, Brill Deutschland, |c 2026. | |
| 264 | 4 | |c ©2026 | |
| 300 | |a 1 online resource (304 pages) : |b illustrations. | ||
| 336 | |a text |b txt |2 rdacontent | ||
| 337 | |a computer |b c |2 rdamedia | ||
| 338 | |a online resource |2 rdacarrier | ||
| 490 | 1 | |a Schöningh, Fink and mentis Religious Studies, Theology and Philosophy E-Books Online, Collection 2026 | |
| 504 | |a Includes bibliographical references and index. | ||
| 520 | |a The book explores the aesthetic insights into the transformative interplay between artificial intelligence and human creativity within art, cultural heritage, and academic research. It delves into how AI technologies reshape these areas, addressing both their potential to enhance creative processes and the challenges they present to traditional aesthetic frameworks of human creativity. Through a series of interdisciplinary chapters, the book examines applying AI-powered solutions in artistic endeavours, cultural heritage management, modern-day curation, and media content personalisation. It also explores how AI supports collaborative research and the modern translation profession, providing new aesthetic perspectives on beauty, truth, harmony, complexity, and trust in human-technology interactions. This book offers valuable insights for scholars, practitioners, and policymakers seeking to understand and navigate the evolving relationship between humans and AI. | ||
| 546 | |a English | ||
| 588 | |a Description based on print version record. | ||
| 650 | 0 | |a Philosophy. | |
| 700 | 1 | |a Szostak, Michał, |e editor. | |
| 776 | 0 | 8 | |i Print version: |t Aesthetics of Human-AI Collaboration in Creative Activities : Art, Cultural Heritage, and Academic Research Practice. |d Paderborn : Mentis, Brill Deutschland, 2026. |z 9783957433466 |w (OCoLC)1518691967 |
| 830 | 0 | |a Schöningh, Fink and mentis Religious Studies, Theology and Philosophy E-Books Online, Collection 2026. | |
| 856 | 4 | |z DOI: |u http://dx.doi.org/10.30965/9783969753460 | |
| 942 | |2 lcc |c EBOOK | ||
| 999 | |c 61659 |d 61659 | ||
